[Event "49th CHN-ch 2018"]
[Site "Xinghua"]
[Date "2018.04.20"]
[Round "3"]
[White "Wen, Yang"]
[Black "Liu, Yan"]
[Result "1/2-1/2"]
[WhiteElo "2585"]
[BlackElo "2481"]
[Annotator "TA"]
[PlyCount "123"]
[EventDate "2018.??.??"]
[EventCountry "CHN"]
[SourceTitle "playchess.com"]
[Source "ChessBase"]
[SourceQuality "1"]

{[%evp 18,123,57,62,64,64,64,60,58,42,70,75,79,76,76,76,79,81,88,88,88,89,93,87,97,97,91,82,91,87,97,103,125,105,124,124,124,124,124,124,124,124,123,124,193,124,124,124,124,124,97,88,103,111,95,96,131,125,185,129,136,138,157,8,8,8,8,8,8,8,8,0,0,0,8,0,5591,4616,29964,29964,29964,29965,29964,8,8,0,0,0,0,0,0,0,0,0,0,0,0,0,0,0,0,0,0,0,0,0,0,0]} 1. e4 c5 2. Nf3 d6 3. d4 cxd4 4. Nxd4 Nf6 5. Nc3 a6 6. g3 e5 7. Nde2 {[%cal Bd4e2,Be2c3,Bc3d5][%mdl 32]} Nbd7 8. a4 {B91: Sicilian Najdorf: 6 g3} b6 (8... Be7 9. Bg2 b6 10. Nd5 Bb7 11. Nxe7 Qxe7 12. Nc3 Rc8 13. O-O O-O 14. Re1 Qe6 15. Qd2 Rfd8 16. b3 Nc5 17. Bb2 {½-½ (26) Bartel,M (2640)-Navara,D (2744) Lublin 2016}) 9. Nd5 Bb7 10. Nec3 {LiveBook: 4 Games. White is slightly better.} Nxd5 $146 ({Predecessor:} 10... Be7 11. Bc4 O-O 12. O-O Nxd5 13. Bxd5 Bxd5 14. Nxd5 Nf6 15. Nxf6+ Bxf6 {1-0 (51) Alekseev,E (2642)-Krupenski,J (2406) Stockholm 2015}) 11. Nxd5 Be7 12. Bc4 Nf6 13. Be3 Nxd5 14. Bxd5 Rb8 15. Bxb7 Rxb7 16. Qd3 b5 17. axb5 Rxb5 18. b3 Qc8 19. O-O O-O 20. Ra4 Qb7 21. Rfa1 Ra8 22. Ra5 Rxa5 23. Rxa5 Bd8 24. Ra4 Bc7 25. Rc4 h5 26. Qd5 Qxd5 27. exd5 $16 {[%mdl 4096] Endgame KRB-KRB} Bd8 28. Rc6 Be7 29. Bc1 a5 30. Ba3 $1 a4 (30... Kf8 $16 31. Kg2 (31. Bxd6 Bxd6 32. Rxd6 Rc8 $16) 31... Ke8) 31. bxa4 (31. b4 $1 $18) 31... Rxa4 32. Bxd6 Bxd6 33. Rxd6 $18 {KR-KR} Kf8 34. Rc6 Rd4 35. c4 Ke7 36. h4 Kd7 37. Kf1 f6 (37... Rd3 $16 38. Ra6 Ke7) 38. Ke2 ({White should try} 38. Ke1 $18) 38... g5 $16 39. hxg5 fxg5 40. Re6 (40. Kf1 $16) 40... h4 $1 $11 41. gxh4 (41. Rxe5 h3) 41... gxh4 42. Rxe5 {aiming for c5.} Rxc4 43. Ke3 Kd6 44. f4 {[%cal Bf2f4,Bf4f5][%mdl 32]} h3 45. Rh5 h2 46. Kf3 Rc1 $2 {[%mdl 8192]} (46... Rc3+ $11 47. Ke4 Rc4+ 48. Ke3 Rc2) 47. Rxh2 $18 Kxd5 {[#]} 48. Re2 $1 Rc8 {[#]} 49. f5 $1 Rc4 50. Kg3 $2 (50. Re8 {mates} Rh4 51. Kg3 Rh1 52. Kf4 Kd6 53. f6 Rf1+ 54. Kg5 Kd7 55. Re7+ Kd6 56. Re2) 50... Kd6 $1 $11 {The position is equal.} 51. f6 Kd7 $1 52. Re7+ Kd8 $1 53. Re5 {White threatens f7 and mate.} Kd7 $1 54. Kf3 Rc6 55. Rf5 {And now f7 would win.} Ke8 56. Kg4 Kf7 57. Kg5 Rc1 58. Ra5 Rg1+ 59. Kf5 Rf1+ 60. Kg5 Rg1+ 61. Kf5 Rf1+ 62. Ke4 {Precision: White = 71%, Black = 73%.} 1/2-1/2

[Event "49th CHN-ch 2018"]
[Site "Xinghua"]
[Date "2018.04.20"]
[Round "3"]
[White "Xu, Xiangyu"]
[Black "Liu, Guanchu"]
[Result "1/2-1/2"]
[WhiteElo "2574"]
[BlackElo "2459"]
[Annotator "TA"]
[PlyCount "71"]
[EventDate "2018.??.??"]
[EventCountry "CHN"]
[SourceTitle "playchess.com"]
[Source "ChessBase"]
[SourceQuality "1"]

{[%evp 11,71,31,29,17,33,42,39,31,22,20,33,18,65,63,90,67,61,49,64,66,63,68,65,64,52,32,16,28,24,18,35,20,32,7,10,9,29,10,22,12,25,8,32,12,31,8,10,10,44,8,12,11,115,6,16,6,12,-14,0,-72,0,-46]} 1. d4 Nf6 2. g3 e6 3. Bg2 c5 4. Nf3 b5 (4... cxd4 5. Nxd4 d5 6. O-O e5 7. Nb3 Be6 8. Bg5 Nbd7 9. e4 dxe4 10. Bxe4 Qc7 11. Bg2 Be7 12. Nc3 O-O 13. Re1 Rad8 14. Qe2 h6 15. Bxf6 Bxf6 {½-½ (107) Caruana,F (2802)-Nakamura,H (2786) chess.com INT 2017}) 5. e4 Bb7 6. e5 {A46: 1 d4 Nf6 2 Nf3 e6: Torre, London and Colle Systems} Nd5 {LiveBook: 3 Games} 7. a4 $146 ({Predecessor:} 7. O-O Qc7 8. Qe2 cxd4 9. Nxd4 a6 10. Rd1 Nc6 11. Nf3 Be7 12. Rxd5 exd5 {½-½ (72) Gabuzyan,H (2585)-Ghaem Maghami,E (2574) Sareyn 2017}) 7... a6 8. O-O {White is slightly better.} Nc6 9. Nc3 Nxc3 10. bxc3 Be7 11. dxc5 O-O 12. Qd3 Qb8 13. axb5 axb5 14. Bf4 Qc8 15. Rfd1 Rxa1 16. Rxa1 b4 17. Rb1 bxc3 18. Ng5 (18. Be3 {seems wilder.} Ba8 19. Qxc3 Qc7 20. Ra1 Bb7 21. Ra3) 18... Bxg5 $1 19. Bxg5 Ba8 20. Qxc3 h6 21. Bd2 Ne7 22. Bxa8 Qxa8 23. Qd3 Nc6 24. Bc3 Qa7 25. Rb6 Ra8 26. Kg2 Ne7 27. Qb5 Nc6 28. h4 Qa4 29. Qd3 {White wants to play Rb7.} Ne7 30. Bd4 Nd5 31. Rd6 Rb8 (31... Nb4 $11 32. Qf3 Nxc2) 32. c6 (32. f3 $16) 32... dxc6 $11 33. c4 Ne7 34. Bc3 {Black must now prevent Rd8+.} Qa3 35. Kh2 {[#]} (35. h5 $11 {keeps the balance.}) 35... h5 (35... Nf5 $1 $17 {[%cal Rf5d6]} 36. Rd8+ (36. Rxc6 Qc1 $15) 36... Rxd8 37. Qxd8+ Kh7) 36. Bd2 {Precision: White = 29%, Black = 43%.} 1/2-1/2

[Event "49th CHN-ch 2018"]
[Site "Xinghua"]
[Date "2018.04.20"]
[Round "3"]
[White "Xu, Yi"]
[Black "Zhou, Jianchao"]
[Result "1/2-1/2"]
[WhiteElo "2522"]
[BlackElo "2616"]
[Annotator "TA"]
[PlyCount "66"]
[EventDate "2018.??.??"]
[EventCountry "CHN"]
[SourceTitle "playchess.com"]
[Source "ChessBase"]
[SourceQuality "1"]

{[%evp 17,66,0,9,8,11,8,20,16,12,0,0,-17,-17,-17,-17,-17,-17,-17,-17,-14,10,0,0,0,0,-6,0,0,0,0,0,0,12,0,0,0,0,0,0,0,0,0,0,0,0,0,0,0,0,0,0]} 1. e4 e5 2. Nf3 Nc6 3. Bc4 Bc5 4. O-O d6 5. c3 Nf6 6. d3 O-O 7. a4 a5 8. Na3 {C54: Giuoco Piano: 4 c3 Nf6, main lines with 5 d4 and 5 d3} h6 (8... Be6 9. Bxe6 fxe6 10. Nc2 Qe8 11. Be3 Bxe3 12. Nxe3 Rd8 13. Qe2 d5 14. Rfe1 Qg6 15. Nf1 Nh5 {½-½ (38) Anand,V (2782)-Ding,L (2777) Riadh 2017}) 9. Nc2 Re8 {LiveBook: 3 Games. The position is equal.} 10. Be3 Bxe3 11. Nxe3 Be6 12. Bxe6 $146 ({Find the theoretical novelty and annotate with similar games:} 12. Re1 Bxc4 13. Nxc4 d5 14. Ncd2 dxe4 15. dxe4 {1-0 (64) Kosteniuk,A (2552)-Muzychuk,A (2576) Monaco 2017}) 12... Rxe6 13. Nd5 Re8 14. Re1 Nxd5 15. exd5 Ne7 16. d4 Nxd5 17. dxe5 dxe5 18. Nxe5 Nf6 (18... Nb6 {NOTEXT} 19. Qb3 Re7 20. Nf3 Rxe1+ 21. Rxe1 Qd7) 19. Qb3 Qd5 20. Qxd5 Nxd5 21. Nc4 b6 22. g3 Kf8 23. Kg2 Rxe1 24. Rxe1 $11 {[%mdl 4096] Endgame KRN-KRN} Re8 25. Rd1 Nf6 26. Ne3 g6 27. Kf3 Re5 28. Rd4 Ke7 29. h3 Ke6 30. Rd8 Ke7 31. Rd4 Ke6 32. Rd8 Ke7 33. Rd4 Ke6 {Precision: White = 64%, Black = 71%.} 1/2-1/2

[Event "49th CHN-ch 2018"]
[Site "Xinghua"]
[Date "2018.04.20"]
[Round "3"]
[White "Xu, Jun"]
[Black "Zeng, Chongsheng"]
[Result "1-0"]
[WhiteElo "2501"]
[BlackElo "2542"]
[Annotator "TA"]
[PlyCount "77"]
[EventDate "2018.??.??"]
[EventCountry "CHN"]
[SourceTitle "playchess.com"]
[Source "ChessBase"]
[SourceQuality "1"]

{[%evp 9,77,27,23,35,52,54,90,70,97,83,95,87,97,101,91,89,86,90,102,92,117,88,91,89,102,87,102,85,72,70,91,26,99,90,107,-62,123,130,157,166,147,147,240,233,281,263,246,220,750,681,694,470,447,330,336,319,609,606,1120,1108,1214,1169,1162,1143,2156,2095,29982,29983,29989,29990]} 1. d4 d5 2. c4 e6 3. Nc3 Bb4 4. Nf3 dxc4 5. a3 (5. Qa4+ Nc6 6. a3 Bxc3+ 7. bxc3 Qd5 8. Nd2 b5 9. Qc2 Bb7 10. e4 Qd7 11. a4 a6 12. Rb1 Na5 {½-½ (21) Dreev,A (2653)-Grischuk,A (2772) Riadh 2017}) 5... Bxc3+ 6. bxc3 {D31: Queen's Gambit Declined: Semi-Slav without ...Nf6 (+ Marshall Gambit and Noteboom) and Exchange Variation lines without ...Nf6} a6 7. a4 $146 ({Predecessor:} 7. e3 b5 8. Ne5 Bb7 9. Qg4 g6 10. a4 Nd7 11. Qg3 Ne7 12. Ba3 Nf5 {0-1 (21) Vidal Melendez,I (2291)-Bruzon Batista,L (2618) Paramaribo 2016}) 7... c5 8. e3 {White is better.} ({Of course not} 8. dxc5 $6 Qxd1+ 9. Kxd1 Nd7 $11) 8... Nc6 9. Bxc4 Qa5 10. Bb2 cxd4 11. exd4 Nf6 12. O-O O-O 13. Re1 Rd8 14. Bf1 Ne7 15. c4 Ng6 16. Qb3 Bd7 17. d5 exd5 18. Bxf6 gxf6 19. cxd5 Bg4 20. Nd4 ({White should try} 20. Re4 $16 Bf5 21. Rd4) 20... Rd7 (20... Kg7 $1 $11) 21. Bc4 $16 Rc8 22. Nc2 $2 (22. h3 $16 Qc5 23. Nc6) 22... Ne5 $2 {[#]} (22... Rdc7 $1 $15 {stays ahead.} 23. Bd3 Rc3 24. Qxb7 Rxd3) 23. Ne3 $1 Rxc4 24. Nxc4 Qxd5 25. h3 Bf3 (25... b5 $16) 26. Re3 $18 {Black must now prevent Nxe5.} Bd1 27. Rg3+ Ng6 28. Qc3 Qe6 $2 (28... Qc6 29. a5 Be2) 29. Ne3 Bh5 30. Qc5 Be2 31. Nf5 {[#] Qc8+ would kill now.} h5 32. Rc1 Bd3 $2 (32... Kh7 33. Re3 Qd5 34. Qxd5 (34. Rxe2 Nf4 $11) 34... Rxd5 35. Rxe2 Rxf5) 33. Nd4 Rxd4 34. Qxd4 Bf5 35. Re3 Ne5 36. Rc7 b5 37. f4 Nc6 38. Qc5 Be4 39. Rg3+ {Precision: White = 72%, Black = 25%.} 1-0

[Event "49th CHN-ch 2018"]
[Site "Xinghua"]
[Date "2018.04.20"]
[Round "3"]
[White "Wang, Chen"]
[Black "Fang, Yuxiang"]
[Result "0-1"]
[WhiteElo "2495"]
[BlackElo "2502"]
[Annotator "TA"]
[PlyCount "82"]
[EventDate "2018.??.??"]
[EventCountry "CHN"]
[SourceTitle "playchess.com"]
[Source "ChessBase"]
[SourceQuality "1"]

{[%evp 15,82,-18,-22,-61,-50,-51,-48,-42,-39,-43,-33,-53,-34,-42,-19,-42,0,-25,-17,-19,-14,-41,0,-36,-31,-26,-23,-52,-8,-23,0,-2,0,0,10,0,35,32,18,0,0,-18,0,-61,-89,-242,-250,-254,-235,-201,-205,-416,-300,-339,-193,-177,-160,-290,-283,-300,-298,-1156,-595,-1150,-714,-1279,-1265,-1864,-1825]} 1. Nf3 d5 2. g3 Nf6 3. Bg2 g6 4. O-O Bg7 5. d4 O-O 6. c3 c6 7. Ne5 Nbd7 {D02: 1 d4 d5 2 Nf3 sidelines, including 2...Nf6 3 g3 and 2...Nf6 3 Bf4} (7... Nfd7 8. Nxd7 Nxd7 9. Nd2 e5 10. dxe5 Nxe5 11. Nf3 Nxf3+ 12. Bxf3 Bf5 {½-½ (12) Zelcic,R (2493)-Stevic,H (2601) Zagreb 2017}) 8. Bf4 Nh5 {LiveBook: 5 Games} (8... Re8 {NOTEXT} 9. Nd3 Nh5 10. Bg5 h6 11. Be3 e5) 9. Nd3 $146 ({Find the theoretical novelty and annotate with similar games:} 9. Nxd7 Qxd7 10. Be3 Re8 11. Qd2 Nf6 12. Bf4 Nh5 13. Be3 Nf6 {½-½ (13) Supancic,D (2297)-Kreisl,R (2427) Austria 2017}) 9... Nxf4 {Black is slightly better.} 10. gxf4 Nf6 11. Nd2 Bf5 12. Ne5 Qc7 13. Qb3 Rad8 14. e3 Qc8 15. Qa3 Qc7 16. Rac1 e6 17. c4 Rfe8 18. Qc3 Nh5 19. Kh1 Qe7 20. b4 a6 21. Nef3 h6 22. Ne5 Nf6 23. Rg1 Nd7 24. Bf1 Nxe5 25. fxe5 f6 26. f4 fxe5 27. fxe5 Rf8 28. Rg3 g5 {[%cal Bg6g5,Bg5g4][%mdl 32]} 29. Kg1 (29. Be2 $11) 29... h5 $15 {[%cal Bh6h5,Bh5h4][%mdl 32]} 30. h3 $2 {[#]} (30. Bd3 $17) 30... h4 $1 $19 {[%cal Rh4g3]} 31. Rf3 g4 32. Rf2 gxh3 33. Be2 $2 (33. Rh2) 33... Bg6 {White must now prevent ...Qg5+.} 34. Rh2 Rf5 (34... dxc4 $142 35. Bxc4 {[#]} Bxe5 $1 {[%mdl 512]}) 35. Kh1 Rdf8 {aiming for ...Rf2.} 36. Rg1 (36. e4 $17 {keeps fighting.} Rf2 37. Rxf2 Rxf2 38. Qe3) 36... Rg5 {Strongly threatening ...Rxg1+.} 37. Bg4 Bf5 38. Bf3 $2 (38. Bxf5 Rxg1+ 39. Kxg1 Qg5+ 40. Kh1 Rxf5 41. cxd5 cxd5 42. Qd3) 38... Rg3 {Black is clearly winning.} 39. Rf2 Qg5 40. Rgf1 {[#]} Be4 $1 {[%mdl 512] Hoping for ...Rfxf3!} 41. Nxe4 dxe4 {Precision: White = 27%, Black = 39%.} 0-1

[Event "49th CHN-ch 2018"]
[Site "Xinghua"]
[Date "2018.04.21"]
[Round "4"]
[White "Lu, Shanglei"]
[Black "Xu, Jun"]
[Result "1-0"]
[WhiteElo "2640"]
[BlackElo "2501"]
[Annotator "TA"]
[PlyCount "117"]
[EventDate "2018.??.??"]
[EventCountry "CHN"]
[SourceTitle "playchess.com"]
[Source "ChessBase"]
[SourceQuality "1"]

{[%evp 18,117,16,10,15,9,17,8,0,0,39,30,20,26,29,30,41,37,47,51,47,38,46,43,33,34,60,8,36,46,37,0,58,49,75,81,82,80,129,114,125,134,234,215,208,200,200,59,207,195,204,206,203,200,195,222,211,195,195,-131,187,195,182,103,112,88,148,141,156,188,262,251,239,221,251,242,372,360,362,356,343,321,534,528,636,606,696,637,806,768,923,824,976,897,29975,29975,29975,29976,29982,29983,29984,29985]} 1. e4 e5 2. Nf3 Nc6 3. Bb5 {[%cal Bf1b5,Bb5a4,Ba4c2,Bc2e4][%mdl 32]} a6 4. Ba4 Nf6 5. O-O Bc5 6. c3 b5 7. Bc2 d5 {C78: Ruy Lopez: Archangelsk and Möller Defences} 8. d4 dxe4 9. dxe5 Qxd1 10. Rxd1 {LiveBook: 6 Games} exf3 11. exf6 gxf6 12. Be4 Bd7 $1 13. Nd2 $146 {a4 is the strong threat.} ({Predecessor:} 13. a4 O-O-O 14. axb5 Ne5 15. Bf4 Bxb5 {1-0 (48) Svidler,P (2758)-Topalov,V (2785) Khanty-Mansiysk 2014}) 13... O-O-O 14. Nxf3 Rhe8 15. Re1 f5 16. Bc2 Rxe1+ 17. Nxe1 Re8 {[%cal Re8e1]} 18. Nd3 Bb6 19. Bf4 b4 20. Rd1 (20. Nxb4 Nxb4 21. cxb4 Re2 $17) 20... bxc3 21. bxc3 f6 22. h4 (22. Bg3 $14) 22... Re2 23. Rd2 Re4 24. Bg3 Rc4 (24... Ne5 $1 $11 25. Nxe5 Re1+ 26. Kh2 fxe5) 25. Nf4 $36 {[%mdl 2048] White has the initiative.} Ne7 26. Bd3 Ra4 27. Nh5 Ng8 28. Bf4 Be6 29. g3 a5 (29... Rxa2 $16 30. Rxa2 Bxa2) 30. Ng7 $18 Bxa2 31. Ba6+ (31. Nxf5 Bc4 $14) 31... Kb8 32. Rd8+ {[%mdl 1024] White has strong compensation.} ({But not} 32. Nxf5 $6 Bb1 $16) 32... Ka7 33. Bb5 Re4 34. Bc6 {[%csl Gc6][%cal Rd8a8]} (34. Nxf5 Re1+ 35. Kh2 Ne7 $11) 34... Re1+ 35. Kg2 {[%csl Gc6][%cal Rd8a8]} Ka6 {Black wants to play ...Ne7.} 36. Ne8 Ne7 37. Ra8+ Ba7 38. Nxc7+ Kb6 {[#]} 39. Bf3 $1 a4 40. Nb5 (40. Rf8 $18) 40... Kxb5 $16 41. Rxa7 Bd5 {[#]} ({Black should play} 41... Nc6 42. Bxc6+ (42. Rxh7 Ne5 $14) 42... Kxc6) 42. c4+ $1 {[%mdl 512]} Kxc4 43. Rxa4+ Kb5 (43... Kc5 $142 44. Be3+ Kd6) 44. Ra7 $18 Bxf3+ 45. Kxf3 {[%mdl 4096] Endgame KRB-KRN} Re6 46. h5 Kb6 (46... Kc5 $142 47. Be3+ Kc6) 47. Rc7 Ka6 48. Be3 Kb5 49. Bd4 Ka6 $2 (49... f4 50. gxf4 f5) 50. Bc5 Nd5 51. Rxh7 Kb5 52. Bf8 f4 53. g4 Kc4 54. h6 {[%cal Bh5h6,Bh6h7][%mdl 32]} Rb6 55. Rd7 f5 {[#]} 56. Rxd5 $1 {[%mdl 512] White mates.} Kxd5 57. h7 fxg4+ 58. Kxg4 Rg6+ 59. Kf3 {Precision: White = 80%, Black = 57%.} 1-0

[Event "49th CHN-ch 2018"]
[Site "Xinghua"]
[Date "2018.04.21"]
[Round "4"]
[White "Zhou, Jianchao"]
[Black "Liu, Yan"]
[Result "1/2-1/2"]
[WhiteElo "2616"]
[BlackElo "2481"]
[Annotator "TA"]
[PlyCount "71"]
[EventDate "2018.??.??"]
[EventCountry "CHN"]
[SourceTitle "playchess.com"]
[Source "ChessBase"]
[SourceQuality "1"]

{[%evp 15,71,-11,-7,-10,-5,-12,0,-15,25,20,28,15,35,30,35,15,29,0,20,0,0,0,0,0,24,19,24,16,24,18,16,19,34,25,38,32,45,63,63,26,13,14,32,27,34,14,14,14,30,30,47,27,27,27,28,28,28,28]} 1. Nf3 Nf6 2. c4 e6 3. g3 a6 4. Bg2 b5 5. b3 Bb7 6. O-O c5 7. d3 {A13: English Opening: 1...e6} Be7 8. e4 d6 {LiveBook: 8 Games} 9. Nc3 {The position is equal.} b4 $146 ({Predecessor:} 9... Qb6 10. Rb1 Nc6 11. h3 Nd7 12. Be3 Bf6 13. Ne2 Qc7 14. Nh2 h5 {1-0 (40) Sviridov,V (2504)-Fedorchuk,S (2621) Minsk 2017}) 10. Ne2 Nc6 11. Qc2 Nd7 12. d4 cxd4 13. Nfxd4 Nxd4 14. Nxd4 O-O 15. Be3 Nc5 16. Rad1 Qb6 17. Rd2 Rfe8 18. Rfd1 g6 19. Ne2 {[%cal Bd4e2,Be2c1,Bc1d3][%mdl 32]} e5 20. Nc1 Qc7 21. f3 a5 22. h4 h5 23. Nd3 Red8 24. Bh3 {Nxc5 is the strong threat.} Bc6 25. Kh2 Kg7 26. Qb2 f6 27. Nxc5 dxc5 28. Be6 Rxd2+ 29. Qxd2 Rd8 30. Qc2 Rxd1 31. Qxd1 Qd6 32. Bd5 Bxd5 33. exd5 Qd7 {White has an edge.} 34. Qc2 Qf5 35. Qxf5 gxf5 36. Kg2 {Precision: White = 70%, Black = 51%.} 1/2-1/2

[Event "49th CHN-ch 2018"]
[Site "Xinghua"]
[Date "2018.04.21"]
[Round "4"]
[White "Zeng, Chongsheng"]
[Black "Xu, Xiangyu"]
[Result "0-1"]
[WhiteElo "2542"]
[BlackElo "2574"]
[Annotator "TA"]
[PlyCount "93"]
[EventDate "2018.??.??"]
[EventCountry "CHN"]
[SourceTitle "playchess.com"]
[Source "ChessBase"]
[SourceQuality "1"]

{[%evp 20,93,3,7,31,31,31,23,33,26,29,20,60,57,66,58,64,60,54,48,76,73,78,63,77,77,75,65,69,0,108,67,72,66,96,91,91,90,90,96,104,81,96,75,77,56,68,66,69,0,0,12,40,31,37,31,64,74,131,95,152,145,214,118,120,83,127,0,0,0,0,0,0,-138,-145,-159]} 1. d4 Nf6 2. Nf3 g6 3. Bg5 Bg7 4. Nbd2 h6 5. Bh4 O-O 6. e4 d6 7. c3 Qe8 8. Be2 e5 9. dxe5 dxe5 10. O-O Nbd7 11. Qc2 {LiveBook: 19 Games. A48: 1 d4 Nf6 2 Nf3 g6: Torre, London and Colle Systems} (11. Re1 Nh5 12. Bf1 Nf4 13. Nc4 Nb6 14. Ne3 Qe6 15. a4 a5 16. Qc2 Bd7 17. c4 g5 18. Bg3 Qg6 19. c5 {1-0 (37) Jussupow,A (2585)-Tomazini,Z (2414) Tallinn 2016}) 11... b6 12. Nc4 $146 ({Predecessor:} 12. Rfe1 Bb7 13. Bf1 Nh5 14. Nc4 f5 15. exf5 Bxf3 16. gxf3 gxf5 17. Rad1 Kh8 18. Kh1 Qe6 {½-½ (75) Arias,J (2202)-Brattain,M (2376) chess.com INT 2017}) 12... Bb7 13. Nfd2 {White is slightly better.} Nc5 {[%cal Rf6e4]} 14. f3 Nh5 15. Rfe1 Bf6 16. Bf2 Qe7 17. b4 Ne6 18. Bf1 Rfd8 19. a4 {[%cal Ba2a4,Ba4a5][%mdl 32]} a6 20. Nb3 Rd7 21. a5 b5 22. Nb2 Rad8 23. Nd3 Nhf4 {[%cal Rf4d3]} 24. Nxf4 (24. Ndc5 $14 Nxc5 25. Nxc5) 24... Nxf4 (24... exf4 $11 {keeps the balance.} 25. Be2 c5 $1 {[%mdl 512]} 26. bxc5 Bh4) 25. Bc5 Qe8 26. c4 Nd3 {[#]} 27. cxb5 $1 {[%mdl 512] Black must now prevent Red1.} Nxe1 (27... axb5 28. Bxd3) 28. Rxe1 axb5 29. Bxb5 c6 30. Bc4 Be7 31. a6 Ba8 32. Qc3 Bxc5+ $1 33. Nxc5 Rd1 34. Nd3 (34. Rxd1 $14 Rxd1+ 35. Kf2) 34... Rxe1+ $11 35. Qxe1 Rd4 36. Qc3 {[%mdl 1024] White has compensation.} Qe7 37. g3 {Hoping for f4.} Kg7 38. Kf2 h5 (38... g5 $142) 39. Ke3 {aiming for Nxe5!} Qa7 (39... f6 $142) 40. Nc5 $16 Kh7 {[#]} (40... Kh8 $16 41. f4 f6) 41. h4 ({White should try} 41. f4 $1 $18) 41... Qe7 42. f4 exf4+ 43. Kxd4 ({Only move:} 43. Kxf4 $16 Rd6 44. Kf3) 43... Qd6+ $11 44. Bd5 {Qf3 is the strong threat.} fxg3 45. Qf3 f6 46. Ne6 (46. Kc4 $11 cxd5+ 47. exd5) 46... Qe5+ $17 47. Ke3 {Precision: White = 63%, Black = 53%.} 0-1

[Event "49th CHN-ch 2018"]
[Site "Xinghua"]
[Date "2018.04.21"]
[Round "4"]
[White "Xu, Yi"]
[Black "Bai, Jinshi"]
[Result "1/2-1/2"]
[WhiteElo "2522"]
[BlackElo "2586"]
[Annotator "TA"]
[PlyCount "59"]
[EventDate "2018.??.??"]
[EventCountry "CHN"]
[SourceTitle "playchess.com"]
[Source "ChessBase"]
[SourceQuality "1"]

{[%evp 17,59,29,39,20,31,31,29,28,22,26,21,21,24,15,19,25,23,20,18,0,0,-11,-2,0,0,-19,-8,-39,-27,-58,-47,-74,-60,-98,0,-69,0,-98,0,-71,0,-85,0,-81]} 1. e4 e5 2. Nf3 Nf6 3. Nxe5 d6 4. Nf3 Nxe4 5. d4 d5 6. Bd3 Nc6 7. O-O Be7 8. Nbd2 {[%cal Bb1d2,Bd2f1,Bf1e3][%mdl 32]} Nd6 {C42: Petroff Defence: 3 Nxe5 and unusual White 3rd moves} 9. c3 Bf5 {LiveBook: 23 Games} 10. Be2 a5 $146 ({Predecessor:} 10... O-O 11. Qb3 Be6 12. Bd3 a5 13. Re1 Qd7 14. Nf1 Bf5 15. Bxf5 Nxf5 16. Bf4 {½-½ (24) Grischuk,A (2761)-Yu,Y (2753) Jiayuguan 2017}) 11. a4 O-O 12. Re1 Nb8 13. Nf1 Nd7 14. Ne3 Be6 15. Bd3 Re8 16. b3 c6 17. c4 Nf6 18. Ne5 Nde4 {[%cal Bd6e4,Be4f6,Bf6h5,Bh5g7][%mdl 32]} 19. c5 Nd7 20. Nxd7 Qxd7 21. f3 Nf6 $1 22. Qc2 g6 23. Nf1 Nh5 24. Be3 Ng7 25. Bf4 Nh5 26. Be3 $1 Ng7 27. Bf4 $1 Nh5 28. Be3 $1 Ng7 29. Bf4 $1 Nh5 30. Be3 $1 {Precision: White = 62%, Black = 61%.} 1/2-1/2

[Event "49th CHN-ch 2018"]
[Site "Xinghua"]
[Date "2018.04.21"]
[Round "4"]
[White "Fang, Yuxiang"]
[Black "Wen, Yang"]
[Result "0-1"]
[WhiteElo "2502"]
[BlackElo "2585"]
[Annotator "TA"]
[PlyCount "56"]
[EventDate "2018.??.??"]
[EventCountry "CHN"]
[SourceTitle "playchess.com"]
[Source "ChessBase"]
[SourceQuality "1"]

{[%evp 15,56,-23,-22,-24,-27,-40,-12,-57,-60,-59,-66,-90,-95,-85,-83,-90,-88,-95,-58,-96,-99,-208,-210,-187,-176,-176,-173,-179,-158,-170,-162,-188,-183,-241,-227,-216,-230,-371,-195,-403,-401,-368,-391]} 1. Nf3 g6 2. d4 Bg7 3. g3 c5 4. Bg2 cxd4 5. Nxd4 Nc6 6. Nb3 Nf6 7. c4 d6 {A31: Symmetrical English: 2 Nf3 Nf6 3 d4} (7... O-O 8. O-O b6 9. Nc3 Bb7 10. c5 Rc8 11. e4 Ba8 12. cxb6 axb6 13. f4 d6 14. Be3 Nd7 15. Qe2 Nc5 16. Rfd1 {0-1 (51) Maghsoodloo,P (2584)-Tregubov,P (2585) Doha 2016}) 8. Nc3 Be6 {LiveBook: 3 Games} 9. Nd5 Nd7 {Black has an edge.} 10. O-O O-O 11. Be3 $146 ({Predecessor:} 11. Rb1 Nb6 12. Nd2 Qd7 13. a3 Bh3 14. b3 Bxg2 15. Kxg2 Nd4 16. Bb2 Nxd5 17. cxd5 {½-½ (28) Karavade,E (2332)-Ramaswamy,A (2239) Visakhapatnam 2006}) 11... Bxb2 12. Rb1 Bg7 13. Nd4 Nxd4 14. Bxd4 Bxd4 15. Qxd4 Nc5 16. h4 h5 17. Bf3 Rc8 18. g4 (18. e4 $17) 18... hxg4 $19 19. Bxg4 Bxg4 20. Qxg4 e6 21. Nf4 Qf6 22. h5 Qf5 23. Qxf5 gxf5 24. Kh2 (24. Rfd1 $142) 24... Kg7 25. Rfd1 Kf6 26. Nd3 (26. f3 $142) 26... Rh8 (26... Ne4 $142 27. Rxb7 Rh8) 27. Nf4 $2 {[#]} (27. Nxc5 Rxh5+ 28. Kg3 Rg8+ 29. Kf4 dxc5 30. Rxb7) 27... e5 28. Nd5+ Ke6 {Precision: White = 26%, Black = 67%.} 0-1

[Event "49th CHN-ch 2018"]
[Site "Xinghua"]
[Date "2018.04.21"]
[Round "4"]
[White "Liu, Guanchu"]
[Black "Wang, Chen"]
[Result "1/2-1/2"]
[WhiteElo "2459"]
[BlackElo "2495"]
[Annotator "TA"]
[PlyCount "64"]
[EventDate "2018.??.??"]
[EventCountry "CHN"]
[SourceTitle "playchess.com"]
[Source "ChessBase"]
[SourceQuality "1"]

{[%evp 28,64,5,9,33,33,33,27,58,58,58,64,58,56,62,49,58,56,55,47,47,47,49,43,48,48,58,41,54,41,54,41,41,0,51,0,41,0,51]} 1. e4 e5 2. Nf3 Nc6 3. Nc3 Nf6 4. d4 exd4 5. Nxd4 Bb4 6. Nxc6 bxc6 7. Bd3 d5 8. exd5 cxd5 9. O-O O-O 10. Bg5 c6 11. Qf3 Bd6 12. Bxf6 Qxf6 13. Qxf6 {C47: Scotch Four Knights and Four Knights with 4 g3} gxf6 14. Ne2 Rb8 15. b3 {[#] LiveBook: 34 Games} Bg4 $146 ({Predecessor:} 15... Re8 16. Rad1 Bg4 17. f3 Bf5 18. Bxf5 Rxe2 19. Bd3 Re3 20. Rfe1 Rxe1+ 21. Rxe1 {½-½ (30) Wang,C (2500)-Lysyj,I (2691) China 2015}) 16. Nd4 c5 17. Nf5 {[#] aiming for Nh6+.} Bxf5 18. Bxf5 Rfe8 19. Rfe1 h6 20. g3 Kf8 21. Kf1 Bc7 22. Rxe8+ Rxe8 23. Re1 Rxe1+ 24. Kxe1 $14 {[%mdl 4096] Endgame KB-KB} Ba5+ 25. Ke2 Ke7 26. f4 c4 27. Kf3 Bb6 28. h3 Ba5 29. Ke3 Bb6+ 30. Kf3 Ba5 31. Ke3 Bb6+ 32. Kf3 Ba5 {Precision: White = 47%, Black = 42%.} 1/2-1/2